|
|
|
|
| LEADER |
01000cam a22002891a 4500 |
| 001 |
000035147 |
| 003 |
11416 |
| 005 |
20210327103109.0 |
| 008 |
151104s2007 000 eng |
| 020 |
|
|
|c 30000
|
| 041 |
|
|
|a eng
|
| 082 |
|
|
|a 420.8
|b NU-A
|
| 245 |
|
0 |
|a NumberAnd Word Puzzles :
|b Vui Học Số Và Từ
|n Số Và Từ
|c Brenda Apsley, John Oldstone...
|
| 260 |
|
|
|b Tổng Hợp TPHCM
|a HCM,
|c 2007.
|
| 300 |
|
|
|a 144tr :
|b nh. ;
|c 20,5cm.
|
| 650 |
|
|
|a NumberAnd Word Puzzles
|
| 653 |
|
|
|a NumberAnd Word Puzzles
|a Tiếng Anh
|a Số và từ
|
| OWN |
|
|
|a LNN
|
| 902 |
|
|
|a TKA
|
| AVA |
|
|
|a UDN50
|b LNN
|c English
|e available
|t Error 5001 Not defined in file expand_doc_bib_avail.
|f 8
|g 0
|h N
|i 0
|j AN
|
| 999 |
|
|
|a From the UDN01
|
| AVA |
|
|
|a UDN50
|b LNN
|c English
|e available
|t Error 5001 Not defined in file expand_doc_bib_avail.
|f 8
|g 0
|h N
|i 0
|j AN
|
| TYP |
|
|
|a Monograph
|
| TYP |
|
|
|a Printed language
|
| 980 |
|
|
|a Mạng thư viện Đại học Đà Nẵng
|